00437nam a2200181 a 4500001001300000003000900013005001700022008004100039020001000080082001500090100001600105245002700121260002300148300000900171500003500180505001300215650002700228nice12345678IN_TiNIC20260116011447.0050524s1929 laha grp 000 0 urd  ac10000a232.9bWAL aWalker, R H aKhudawand Ki Mulaqaten aLahorebYmcac1929 a215p aincludes index and biblioraphy2 aArchives aJesus Christ-Biography